[Event "Titled Tuesday intern op 09th Jan Early"]
[Site "Chess.com INT"]
[Date "2024.01.09"]
[Round "8"]
[White "Fernandez Siles, Luis"]
[Black "Pesotskiy, Mikhail"]
[Result "0-1"]
[WhiteElo "2218"]
[BlackElo "2143"]
[PlyCount "62"]
[EventDate "2024.01.09"]
[EventType "swiss (blitz)"]
[EventRounds "11"]
[EventCountry "USA"]
[SourceTitle "CB03_2024"]
[SourceDate "2024.01.17"]
[SourceVersion "1"]
[SourceVersionDate "2024.01.17"]
[SourceQuality "1"]

1. d4 Nf6 2. c4 e6 3. Nf3 Bb4+ 4. Nc3 b6 5. e3 Bb7 6. Bd3 0-0 7. 0-0 Bxc3 8. bxc3 Ne4 9. Qc2 f5 10. Nd2 Nxd2 11. Bxd2 Qh4 12. f3 d6 13. a4 a5 14. e4 fxe4 15. fxe4 Nd7 16. Be3 Nf6 17. Bf2 Qh5 18. Bg3 Nd7 19. Qd2 e5 20. Qe3 Bc6 21. Bc2 Rae8 22. Rxf8+ Rxf8 23. Rf1 Rxf1+ 24. Kxf1 Qf7+ 25. Ke2 Qxc4+ 26. Qd3 Qa2 27. dxe5 Bxa4 28. exd6 Bxc2 29. Qd2 cxd6 30. Bxd6 Qc4+ 31. Ke3 Qxe4+ 0-1

[Event "Titled Tuesday intern op 09th Jan Early"]
[Site "Chess.com INT"]
[Date "2024.01.09"]
[Round "6"]
[White "Thake, Conrad"]
[Black "Fernandez Siles, Luis"]
[Result "0-1"]
[WhiteElo "1759"]
[BlackElo "2218"]
[PlyCount "44"]
[EventDate "2024.01.09"]
[EventType "swiss (blitz)"]
[EventRounds "11"]
[EventCountry "USA"]
[SourceTitle "CB03_2024"]
[SourceDate "2024.01.17"]
[SourceVersion "1"]
[SourceVersionDate "2024.01.17"]
[SourceQuality "1"]

1. c4 Nf6 2. Nc3 g6 3. d4 d5 4. cxd5 Nxd5 5. e4 Nxc3 6. bxc3 Bg7 7. Be3 0-0 8. Bc4 c5 9. Ne2 Qc7 10. Bb3 Nd7 11. 0-0 b5 12. Rc1 Bb7 13. Bf4 Qb6 14. e5 e6 15. Be3 Qc6 16. f3 Rfd8 17. Ng3 Nxe5 18. Ne4 cxd4 19. cxd4 Nc4 20. Nc5 Nxe3 21. Nxb7 Qxb7 22. Qd3 Nxf1 0-1

[Event "Titled Tuesday intern op 09th Jan Early"]
[Site "Chess.com INT"]
[Date "2024.01.09"]
[Round "1"]
[White "Tuncer, Tuna"]
[Black "Fernandez Siles, Luis"]
[Result "0-1"]
[WhiteElo "2328"]
[BlackElo "2218"]
[PlyCount "88"]
[EventDate "2024.01.09"]
[EventType "swiss (blitz)"]
[EventRounds "11"]
[EventCountry "USA"]
[SourceTitle "CB03_2024"]
[SourceDate "2024.01.17"]
[SourceVersion "1"]
[SourceVersionDate "2024.01.17"]
[SourceQuality "1"]

1. Nf3 Nf6 2. g3 g6 3. b3 d6 4. d4 Bg7 5. Bb2 0-0 6. Bg2 Ne4 7. 0-0 f5 8. c4 Nc6 9. Nbd2 Nxd2 10. Qxd2 e5 11. dxe5 dxe5 12. Rfd1 Qe7 13. Qg5 e4 14. Qxe7 Nxe7 15. Bxg7 Kxg7 16. Nd4 c6 17. f3 exf3 18. exf3 f4 19. g4 Kf6 20. Ne2 g5 21. Rd6+ Kf7 22. Nc3 Ng6 23. Re1 Re8 24. Rxe8 Kxe8 25. Ne4 Ke7 26. c5 b6 27. Nxg5 bxc5 28. Rxc6 Bd7 29. Rxc5 Kd6 30. Ne4+ Ke7 31. Bf1 a5 32. a4 Rb8 33. Bc4 Be6 34. Bxe6 Kxe6 35. Rb5 Rc8 36. Rxa5 Ne5 37. Kf2 Rc2+ 38. Kf1 Nxf3 39. Rb5 Nxh2+ 40. Ke1 f3 41. Ng3 f2+ 42. Kd1 Ra2 43. Rf5 Ra1+ 44. Ke2 Ra2+ 0-1

[Event "Titled Tuesday intern op 19th Dec Early"]
[Site "Chess.com INT"]
[Date "2023.12.19"]
[Round "8"]
[White "Novak, Ratko"]
[Black "Fernandez Siles, Luis"]
[Result "0-1"]
[WhiteElo "2037"]
[BlackElo "2218"]
[PlyCount "64"]
[EventDate "2023.12.19"]
[EventType "swiss (blitz)"]
[EventRounds "11"]
[EventCountry "USA"]
[SourceTitle "CB52_2023"]
[SourceDate "2023.12.27"]
[SourceVersion "1"]
[SourceVersionDate "2023.12.27"]
[SourceQuality "1"]

1. d4 Nf6 2. c4 g6 3. Nc3 d5 4. f3 Bg7 5. e4 dxe4 6. fxe4 e5 7. d5 a5 8. Be2 Na6 9. Be3 Qe7 10. h3 Nc5 11. Qc2 h5 12. Rd1 h4 13. Nb5 Nfxe4 14. Bxc5 Nxc5 15. d6 cxd6 16. Nxd6+ Kf8 17. Nf3 e4 18. 0-0 exf3 19. Rxf3 Be6 20. Qxg6 Rd8 21. Nxf7 Rxd1+ 22. Bxd1 Bxf7 23. Rf1 Rh6 24. Qf5 Kg8 25. Qc8+ Be8 26. Bg4 Rc6 27. Qb8 Bd4+ 28. Kh1 Rf6 29. Rd1 Be5 30. Qc8 Bc7 31. Bh5 Rf8 32. Qg4+ Qg7 0-1